000 00566nam a2200169Ia 4500
008 151202s9999||||xx |||||||||||||| ||und||
082 _bPNVM-85187
100 _a गोरे अनुराधा.
245 _aकळी उमलताना
260 _b" ग्रंथाली प्रकाशन,मुंबई."
260 _c192
600 _a गोरे अनुराधा.
630 _aकळी उमलताना
700 _a गोरे अनुराधा.
730 _aकळी उमलताना
942 _cBOOK
999 _c1350004
_d1350001